<?xml version="1.0" encoding="UTF-8"?>
<record
    xmlns:xsi="http://www.w3.org/2001/XMLSchema-instance"
    xsi:schemaLocation="http://www.loc.gov/MARC21/slim http://www.loc.gov/standards/marcxml/schema/MARC21slim.xsd"
    xmlns="http://www.loc.gov/MARC21/slim">

  <leader>00767nam a22001937a 4500</leader>
  <controlfield tag="005">20231220150314.0</controlfield>
  <datafield tag="010" ind1=" " ind2=" ">
    <subfield code="a">B-755991-996                 ENG-18.10.23</subfield>
  </datafield>
  <datafield tag="020" ind1=" " ind2=" ">
    <subfield code="a">9788178443652</subfield>
    <subfield code="c">1295.00</subfield>
  </datafield>
  <datafield tag="035" ind1=" " ind2=" ">
    <subfield code="a">B-755991-996 </subfield>
  </datafield>
  <datafield tag="037" ind1=" " ind2=" ">
    <subfield code="b">K.K. Publication</subfield>
  </datafield>
  <datafield tag="082" ind1=" " ind2=" ">
    <subfield code="a">615.5</subfield>
  </datafield>
  <datafield tag="100" ind1=" " ind2=" ">
    <subfield code="a">Srivastava, Sumita.</subfield>
    <subfield code="9">60059</subfield>
  </datafield>
  <datafield tag="245" ind1=" " ind2=" ">
    <subfield code="a">Fit India;</subfield>
    <subfield code="c">Sumita Srivastava</subfield>
    <subfield code="b">Holistic Health Care for Quality Life/</subfield>
  </datafield>
  <datafield tag="260" ind1=" " ind2=" ">
    <subfield code="a">New Delhi</subfield>
    <subfield code="c">2023</subfield>
    <subfield code="b">K K Publication</subfield>
  </datafield>
  <datafield tag="270" ind1=" " ind2=" ">
    <subfield code="a">4806/24, Bharat Ram Road, Daryaganj</subfield>
    <subfield code="b">New Delhi</subfield>
    <subfield code="e">110002</subfield>
  </datafield>
  <datafield tag="300" ind1=" " ind2=" ">
    <subfield code="a">441p.</subfield>
    <subfield code="c">22cm (hb)</subfield>
  </datafield>
  <datafield tag="942" ind1=" " ind2=" ">
    <subfield code="2">ddc</subfield>
    <subfield code="c">EN</subfield>
    <subfield code="h">615.5</subfield>
    <subfield code="m">SRI</subfield>
  </datafield>
  <datafield tag="999" ind1=" " ind2=" ">
    <subfield code="c">199389</subfield>
    <subfield code="d">199389</subfield>
  </datafield>
  <datafield tag="952" ind1=" " ind2=" ">
    <subfield code="0">0</subfield>
    <subfield code="1">0</subfield>
    <subfield code="4">0</subfield>
    <subfield code="7">0</subfield>
    <subfield code="8">NFIC</subfield>
    <subfield code="a">L</subfield>
    <subfield code="b">L</subfield>
    <subfield code="d">2023-12-20</subfield>
    <subfield code="e">K.K. Pub/79/25.11.23/39/23.11.23/1.12.23</subfield>
    <subfield code="g">1295.00</subfield>
    <subfield code="l">1</subfield>
    <subfield code="m">2</subfield>
    <subfield code="o">615.5 SRI</subfield>
    <subfield code="p">B-755991</subfield>
    <subfield code="r">2024-04-20 00:00:00</subfield>
    <subfield code="s">2024-03-14</subfield>
    <subfield code="t">1</subfield>
    <subfield code="v">1295.00</subfield>
    <subfield code="w">2023-12-20</subfield>
    <subfield code="y">EN</subfield>
  </datafield>
  <datafield tag="952" ind1=" " ind2=" ">
    <subfield code="0">0</subfield>
    <subfield code="1">0</subfield>
    <subfield code="4">0</subfield>
    <subfield code="7">0</subfield>
    <subfield code="8">NFIC</subfield>
    <subfield code="a">M</subfield>
    <subfield code="b">M</subfield>
    <subfield code="d">2023-12-20</subfield>
    <subfield code="e">K.K. Pub/79/25.11.23/39/23.11.23/1.12.23</subfield>
    <subfield code="g">1295.00</subfield>
    <subfield code="l">0</subfield>
    <subfield code="o">615.5 SRI</subfield>
    <subfield code="p">B-755992</subfield>
    <subfield code="r">2023-12-20 00:00:00</subfield>
    <subfield code="t">1</subfield>
    <subfield code="v">1295.00</subfield>
    <subfield code="w">2023-12-20</subfield>
    <subfield code="y">EN</subfield>
  </datafield>
  <datafield tag="952" ind1=" " ind2=" ">
    <subfield code="0">0</subfield>
    <subfield code="1">0</subfield>
    <subfield code="4">0</subfield>
    <subfield code="7">0</subfield>
    <subfield code="8">NFIC</subfield>
    <subfield code="a">AV</subfield>
    <subfield code="b">AV</subfield>
    <subfield code="d">2023-12-20</subfield>
    <subfield code="e">K.K. Pub/79/25.11.23/39/23.11.23/1.12.23</subfield>
    <subfield code="g">1295.00</subfield>
    <subfield code="l">0</subfield>
    <subfield code="o">615.5 SRI</subfield>
    <subfield code="p">B-755993</subfield>
    <subfield code="r">2023-12-20 00:00:00</subfield>
    <subfield code="t">1</subfield>
    <subfield code="v">1295.00</subfield>
    <subfield code="w">2023-12-20</subfield>
    <subfield code="y">EN</subfield>
  </datafield>
  <datafield tag="952" ind1=" " ind2=" ">
    <subfield code="0">0</subfield>
    <subfield code="1">0</subfield>
    <subfield code="4">0</subfield>
    <subfield code="7">0</subfield>
    <subfield code="8">NFIC</subfield>
    <subfield code="a">PR</subfield>
    <subfield code="b">PR</subfield>
    <subfield code="d">2023-12-20</subfield>
    <subfield code="e">K.K. Pub/79/25.11.23/39/23.11.23/1.12.23</subfield>
    <subfield code="g">1295.00</subfield>
    <subfield code="l">0</subfield>
    <subfield code="o">615.5 SRI</subfield>
    <subfield code="p">B-755994</subfield>
    <subfield code="r">2023-12-20 00:00:00</subfield>
    <subfield code="t">1</subfield>
    <subfield code="v">1295.00</subfield>
    <subfield code="w">2023-12-20</subfield>
    <subfield code="y">EN</subfield>
  </datafield>
  <datafield tag="952" ind1=" " ind2=" ">
    <subfield code="0">0</subfield>
    <subfield code="1">0</subfield>
    <subfield code="4">0</subfield>
    <subfield code="7">0</subfield>
    <subfield code="8">NFIC</subfield>
    <subfield code="a">DIZ</subfield>
    <subfield code="b">DIZ</subfield>
    <subfield code="d">2023-12-20</subfield>
    <subfield code="e">K.K. Pub/79/25.11.23/39/23.11.23/1.12.23</subfield>
    <subfield code="g">1295.00</subfield>
    <subfield code="l">0</subfield>
    <subfield code="o">615.5 SRI</subfield>
    <subfield code="p">B-755995</subfield>
    <subfield code="r">2023-12-20 00:00:00</subfield>
    <subfield code="t">1</subfield>
    <subfield code="v">1295.00</subfield>
    <subfield code="w">2023-12-20</subfield>
    <subfield code="y">EN</subfield>
  </datafield>
  <datafield tag="952" ind1=" " ind2=" ">
    <subfield code="0">0</subfield>
    <subfield code="1">0</subfield>
    <subfield code="4">0</subfield>
    <subfield code="7">0</subfield>
    <subfield code="8">NFIC</subfield>
    <subfield code="a">BL4</subfield>
    <subfield code="b">BL4</subfield>
    <subfield code="d">2023-12-20</subfield>
    <subfield code="e">K.K. Pub/79/25.11.23/39/23.11.23/1.12.23</subfield>
    <subfield code="g">1295.00</subfield>
    <subfield code="l">0</subfield>
    <subfield code="o">615.5 SRI</subfield>
    <subfield code="p">B-755996</subfield>
    <subfield code="r">2023-12-20 00:00:00</subfield>
    <subfield code="t">1</subfield>
    <subfield code="v">1295.00</subfield>
    <subfield code="w">2023-12-20</subfield>
    <subfield code="y">EN</subfield>
  </datafield>
</record>
